| 000 | 01033nam a22003017a 4500 | ||
|---|---|---|---|
| 003 | CHAP | ||
| 005 | 20220329140527.0 | ||
| 008 | 971013s r 00010 d | ||
| 010 | _a53359 | ||
| 011 | _a54331 | ||
| 035 | _a58482 | ||
| 040 | _cCHAP | ||
| 082 |
_a628.1 _bR6 |
||
| 100 | 0 | 0 |
_aRovirosa Wade, Leandro. _9100346 |
| 245 | _aComparecencias del ingeniero Leandro Rovirosa Wade, Secretario de Recursos Hidráulicos, ante comisiones de la H. Cámara de Diputados | ||
| 260 |
_a(s.l.) : _b(s.e.), _c(s.a.) |
||
| 300 |
_a132 p. _b; mapas |
||
| 590 |
_aBATCH-UPD _b10 _c20130110 _lUCH01 _h1557 |
||
| 590 |
_aBATCH-UPD _b10 _c20130410 _lUCH01 _h0955 |
||
| 590 |
_aBATCH-UPD _b10 _c20130914 _lUCH01 _h1932 |
||
| 590 |
_aCONVERSION _b10 _c20130109 _lUCH01 _h1329 |
||
| 650 | 1 | 4 |
_aAgua _xAprovechamiento _xMexico. _92297 |
| 650 | 1 | 4 |
_aPolítica hidráulica _xMéxico. _990663 |
| 650 | 1 | 4 |
_aRecursos hidráulicos _xMéxico. _995116 |
| 901 | _aBK | ||
| 942 | _cLIBRO | ||
| 949 |
_a628.1 R6 _bBC _cLIBRO _d33724000024055 _eLIBRO _h43336 _i58482 _si |
||
| 999 |
_c53359 _d53359 |
||